[Event "Titled Tuesday intern op 3rd March"]
[Site "Chess.com INT"]
[Date "2020.03.03"]
[Round "2"]
[White "Haring, Viktor"]
[Black "Zaitsev, Alexandr A"]
[Result "0-1"]
[WhiteElo "2270"]
[BlackElo "1767"]
[PlyCount "54"]
[EventDate "2020.03.03"]
[EventType "swiss (blitz)"]
[EventRounds "10"]
[EventCountry "USA"]
[SourceTitle "EXT 2021"]
[Source "ChessBase"]
[SourceDate "2020.10.23"]
[SourceVersion "1"]
[SourceVersionDate "2020.10.23"]
[SourceQuality "1"]

1. e4 Nf6 2. e5 Nd5 3. c4 Nb6 4. d4 d6 5. exd6 exd6 6. h3 Nc6 7. Nf3 Bf5 8. a3 Be7 9. Be2 0-0 10. 0-0 Bf6 11. Nc3 Re8 12. Be3 d5 13. c5 Nc8 14. b4 a6 15. Bd3 N8e7 16. Rb1 Qd7 17. a4 a5 18. b5 Nb4 19. Bxf5 Qxf5 20. Rb2 h6 21. Re2 Ng6 22. Qd2 Re7 23. Nh2 Rae8 24. Ng4 Nh4 25. Bxh6 Qg6 26. Nxf6+ gxf6 27. g4 Nf3+ 0-1

[Event "Titled Tuesday intern op 3rd March"]
[Site "Chess.com INT"]
[Date "2020.03.03"]
[Round "6"]
[White "Wahlund, Max"]
[Black "Zaitsev, Alexandr A"]
[Result "1-0"]
[WhiteElo "2095"]
[BlackElo "1767"]
[PlyCount "59"]
[EventDate "2020.03.03"]
[EventType "swiss (blitz)"]
[EventRounds "10"]
[EventCountry "USA"]
[SourceTitle "EXT 2021"]
[Source "ChessBase"]
[SourceDate "2020.10.23"]
[SourceVersion "1"]
[SourceVersionDate "2020.10.23"]
[SourceQuality "1"]

1. d4 Nf6 2. c4 e6 3. g3 Bb4+ 4. Bd2 c5 5. Nf3 Qb6 6. Bg2 cxd4 7. 0-0 Bxd2 8. Qxd2 Nc6 9. Na3 0-0 10. Nb5 e5 11. a4 a5 12. e3 dxe3 13. fxe3 Qc5 14. Kh1 Nb4 15. b3 Ra6 16. Rad1 e4 17. Nh4 d5 18. Qd4 Qxd4 19. exd4 Bg4 20. Rde1 Nd3 21. Re3 Re8 22. cxd5 Nxd5 23. Rxe4 Rxe4 24. Bxe4 N5b4 25. Bxb7 Re6 26. d5 Re2 27. d6 Nc5 28. Bf3 Bxf3+ 29. Nxf3 Nc6 30. Rc1 1-0

[Event "Titled Tuesday intern op 3rd March"]
[Site "Chess.com INT"]
[Date "2020.03.03"]
[Round "3"]
[White "Zaitsev, Alexandr A"]
[Black "Hamitevici, Vladimir"]
[Result "1-0"]
[WhiteElo "1767"]
[BlackElo "2461"]
[PlyCount "145"]
[EventDate "2020.03.03"]
[EventType "swiss (blitz)"]
[EventRounds "10"]
[EventCountry "USA"]
[SourceTitle "EXT 2021"]
[Source "ChessBase"]
[SourceDate "2020.10.23"]
[SourceVersion "1"]
[SourceVersionDate "2020.10.23"]
[SourceQuality "1"]

1. d4 Nf6 2. Nf3 c5 3. e3 g6 4. dxc5 Qa5+ 5. Nbd2 Qxc5 6. a3 Bg7 7. b4 Qc3 8. Rb1 Qc7 9. c4 0-0 10. Bb2 d5 11. Rc1 Qd8 12. cxd5 Nxd5 13. Bxg7 Kxg7 14. Bc4 b6 15. Qb3 Bb7 16. 0-0 e6 17. Rfd1 Qe7 18. e4 Nf6 19. e5 Nfd7 20. Qe3 Nc6 21. Qf4 Rfd8 22. Ne4 Nf8 23. Nd6 Kg8 24. Ng5 Nxe5 25. Qxe5 f6 26. Bxe6+ Kg7 27. Qd4 Nxe6 28. Nxe6+ Qxe6 29. Rc7+ Rd7 30. Rxb7 Rad8 31. Rxd7+ Rxd7 32. h3 Kf8 33. b5 h6 34. Qb4 Kg7 35. a4 Qe5 36. Qd4 Kf8 37. Qxe5 fxe5 38. Rd2 Ke7 39. Ne4 Rc7 40. f3 Rc4 41. Ra2 Ke6 42. a5 Rb4 43. axb6 axb6 44. Rd2 Rxb5 45. Rd6+ Kf7 46. h4 Rb1+ 47. Kh2 b5 48. Rb6 b4 49. h5 gxh5 50. Rxh6 b3 51. Rb6 Ke7 52. Kg3 b2 53. Nd2 h4+ 54. Kg4 Rg1 55. Rxb2 Rxg2+ 56. Kxh4 Ke6 57. Kh3 Re2 58. Kg3 Kf5 59. Nc4 Re1 60. Rb3 Rc1 61. Ne3+ Ke6 62. Rb4 Rc3 63. Re4 Rc5 64. Ng4 Kf5 65. Rxe5+ Rxe5 66. Nxe5 Kxe5 67. Kg4 Ke6 68. Kg5 Ke7 69. Kg6 Ke8 70. f4 Kf8 71. Kf6 Kg8 72. Ke7 Kg7 73. f5 1-0

[Event "Titled Tuesday intern op 2nd April"]
[Site "Chess.com INT"]
[Date "2019.04.02"]
[Round "5"]
[White "Sadhwani, Raunak"]
[Black "Zaitsev, Alexandr A"]
[Result "1-0"]
[WhiteElo "2475"]
[BlackElo "1767"]
[PlyCount "95"]
[EventDate "2019.04.02"]
[EventType "swiss (blitz)"]
[EventRounds "10"]
[EventCountry "USA"]
[SourceTitle "EXT 2021"]
[Source "ChessBase"]
[SourceDate "2020.10.23"]
[SourceVersion "1"]
[SourceVersionDate "2020.10.23"]
[SourceQuality "1"]

1. d4 Nf6 2. Nc3 d5 3. Bf4 a6 4. e3 e6 5. Nf3 c5 6. dxc5 Bxc5 7. Bd3 0-0 8. 0-0 Nc6 9. e4 d4 10. Ne2 h6 11. e5 Nd5 12. Bg3 b6 13. Be4 Bb7 14. Nexd4 Nxd4 15. Nxd4 Qc7 16. Re1 Rfd8 17. c3 Rd7 18. Qg4 Rad8 19. Rad1 Ne7 20. Bxb7 Qxb7 21. Nb3 Nf5 22. Rxd7 Rxd7 23. Qf3 Qc7 24. Bf4 Qd8 25. Qe2 a5 26. a4 Rd5 27. g4 Ne7 28. Bg3 Qd7 29. Qe4 Rd3 30. Nxc5 bxc5 31. Qa8+ Kh7 32. Qe4+ Kg8 33. Qa8+ Kh7 34. Qxa5 Rd2 35. Qxc5 Rxb2 36. a5 Ra2 37. Qd6 Qa7 38. Qd3+ Kh8 39. Rb1 Rxa5 40. Qd8+ Kh7 41. Qd3+ Kh8 42. Qd8+ Kh7 43. Qd1 Nd5 44. c4 Ne7 45. h4 Ra4 46. h5 Qa6 47. Rb8 Qxc4 48. Qd8 1-0

[Event "Moscow op-E"]
[Site "Moscow"]
[Date "2011.02.05"]
[Round "8.250"]
[White "Parvanyan, Alfred"]
[Black "Zaitsev, Alexandr A"]
[Result "1-0"]
[WhiteElo "1836"]
[BlackElo "1889"]
[PlyCount "95"]
[EventDate "2011.01.29"]
[EventType "swiss"]
[EventRounds "9"]
[EventCountry "RUS"]
[SourceTitle "EXT 2022"]
[Source "ChessBase"]
[SourceDate "2021.10.06"]
[SourceVersion "1"]
[SourceVersionDate "2021.10.06"]
[SourceQuality "1"]

1. d4 e6 2. c4 b6 3. Nc3 Bb7 4. e4 Bb4 5. Qc2 Qh4 6. Bd3 f5 7. g3 Qh5 8. Be2 Qg6 9. exf5 exf5 10. d5 Bxc3+ 11. Qxc3 d6 12. Qe3+ Ne7 13. Nh3 Bc8 14. Bd2 a5 15. Bc3 Na6 16. Nf4 Qh6 17. Ne6 Qxe3 18. Nxg7+ Kf7 19. fxe3 Rg8 20. Nh5 Rg6 21. Rf1 Nc5 22. 0-0-0 Bd7 23. Rf4 Na4 24. Bd4 c5 25. dxc6 Nxc6 26. Bf3 Rc8 27. b3 Nxd4 28. Rfxd4 Nc3 29. Rxd6 Be8 30. R1d2 Nxa2+ 31. Kb2 Nb4 32. Nf4 Rxd6 33. Rxd6 b5 34. Bh5+ Kg7 35. Ne6+ Kg8 36. Bxe8 Rxe8 37. cxb5 Kf7 38. Ng5+ Kg8 39. Re6 Rb8 40. b6 Nd3+ 41. Kc3 Nc5 42. Rd6 Rc8 43. Kb2 h6 44. Ne6 Ne4 45. Rd8+ Rxd8 46. Nxd8 Nc5 47. b7 Nd7 48. Nc6 1-0

[Event "Moscow op-E"]
[Site "Moscow"]
[Date "2011.01.30"]
[Round "2.170"]
[White "Shavrov, Vladimir K"]
[Black "Zaitsev, Alexandr A"]
[Result "1-0"]
[WhiteElo "2120"]
[BlackElo "1889"]
[PlyCount "99"]
[EventDate "2011.01.29"]
[EventType "swiss"]
[EventRounds "9"]
[EventCountry "RUS"]
[SourceTitle "EXT 2022"]
[Source "ChessBase"]
[SourceDate "2021.10.06"]
[SourceVersion "1"]
[SourceVersionDate "2021.10.06"]
[SourceQuality "1"]

1. e4 e6 2. d4 d5 3. Nd2 dxe4 4. Nxe4 Nd7 5. Be2 Ngf6 6. Bg5 h6 7. Bh4 Be7 8. Nd2 c5 9. Ngf3 cxd4 10. Nxd4 0-0 11. 0-0 Nd5 12. Bxe7 Nxe7 13. c3 e5 14. N4b3 f5 15. Nc4 Ng6 16. g3 Qc7 17. Qd6 Qxd6 18. Nxd6 b6 19. Rad1 Nf6 20. Nd2 Be6 21. Bc4 Bxc4 22. N2xc4 Rab8 23. Nxf5 b5 24. Ncd6 Ne8 25. h4 Nxd6 26. Nxd6 h5 27. Rd2 Rf6 28. Rfd1 a6 29. Ne4 Rc6 30. Rd6 Rbb6 31. Rxc6 Rxc6 32. Rd6 Rxd6 33. Nxd6 Kf8 34. c4 bxc4 35. Nxc4 Ke7 36. Kf1 Ke6 37. Ke2 Kd5 38. Ne3+ Ke6 39. Kd3 Ne7 40. Ke4 g6 41. Nc4 Nc6 42. a3 a5 43. a4 Kf6 44. Kd5 Nb4+ 45. Ke4 Nc6 46. f3 Ke6 47. g4 Kf6 48. Kd5 Nb4+ 49. Ke4 Nc6 50. b3 1-0

[Event "Moscow op-E"]
[Site "Moscow"]
[Date "2011.01.29"]
[Round "1.148"]
[White "Zaitsev, Alexandr A"]
[Black "Bronnikov, Konstantin"]
[Result "0-1"]
[WhiteElo "1889"]
[BlackElo "2265"]
[PlyCount "106"]
[EventDate "2011.01.29"]
[EventType "swiss"]
[EventRounds "9"]
[EventCountry "RUS"]
[SourceTitle "EXT 2022"]
[Source "ChessBase"]
[SourceDate "2021.10.06"]
[SourceVersion "1"]
[SourceVersionDate "2021.10.06"]
[SourceQuality "1"]

1. d4 Nf6 2. c4 d6 3. Nc3 Nbd7 4. e4 e5 5. d5 Be7 6. Be3 Nc5 7. f3 a5 8. Na4 Nfd7 9. Bd3 Bg5 10. Bf2 Qf6 11. Ne2 Qh6 12. Nxc5 Nxc5 13. Nc3 Be3 14. Nb5 Bxf2+ 15. Kxf2 Kd8 16. Bc2 g6 17. Qc1 Qh4+ 18. g3 Qe7 19. h4 Bd7 20. Nc3 h5 21. Qg5 f6 22. Qe3 b6 23. b3 Qg7 24. a3 Qh6 25. Qxh6 Rxh6 26. b4 Nb7 27. Rhb1 g5 28. Ba4 Bxa4 29. Nxa4 axb4 30. axb4 Rb8 31. Nc3 Kd7 32. Ra7 gxh4 33. gxh4 Rg6 34. Nd1 Nd8 35. Ne3 Nf7 36. Rg1 Rxg1 37. Kxg1 Nh6 38. Kf2 f5 39. Ra1 fxe4 40. fxe4 Rf8+ 41. Ke2 Rf4 42. Kd3 Rxh4 43. Rg1 Ng4 44. Nxg4 Rxg4 45. Rh1 h4 46. b5 Ke7 47. Rf1 h3 48. Rf3 Rh4 49. Rf1 h2 50. Rh1 Kf6 51. Ke3 Kg5 52. Kf3 Rh3+ 53. Kg2 Kg4 0-1

[Event "Moscow op-B"]
[Site "Moscow"]
[Date "2009.02.01"]
[Round "2"]
[White "Zaitsev, Alexandr A"]
[Black "Tobengauz, Pavel"]
[Result "0-1"]
[WhiteElo "1400"]
[BlackElo "1955"]
[PlyCount "70"]
[EventDate "2009.01.31"]
[EventType "swiss"]
[EventRounds "9"]
[EventCountry "RUS"]
[SourceTitle "EXT 2012"]
[Source "ChessBase"]
[SourceDate "2011.11.24"]
[SourceVersion "1"]
[SourceVersionDate "2011.11.24"]
[SourceQuality "1"]

1. e4 e6 2. d4 b6 3. c4 Bb7 4. Nc3 Bb4 5. d5 Qh4 6. Bd3 f5 7. Qf3 fxe4 8. Qxe4 Qxe4+ 9. Bxe4 Nf6 10. f3 exd5 11. cxd5 Bxd5 12. Bxd5 Nxd5 13. Bd2 Nxc3 14. bxc3 Bd6 15. a4 Nc6 16. Ne2 0-0-0 17. Nd4 Rde8+ 18. Kd1 Kb7 19. Nxc6 Kxc6 20. g3 Re5 21. Re1 Rhe8 22. Rxe5 Rxe5 23. Be1 Kc5 24. Bf2+ Kc4 25. Bd4 Rd5 26. Kc2 Rh5 27. Bg1 Re5 28. Kd2 Rd5+ 29. Kc2 Rd3 30. Bd4 Rxf3 31. a5 c5 32. axb6 axb6 33. Bg1 Rxc3+ 34. Kb2 Be5 35. Kb1 Rb3+ 0-1